| 000 -LEADER |
| fixed length control field |
01197nam a22002537a 4500 |
| 008 - FIXED-LENGTH DATA ELEMENTS--GENERAL INFORMATION |
| fixed length control field |
250527b xxu||||| |||| 00| 0 eng d |
| 040 ## - CATALOGING SOURCE |
| Original cataloging agency |
Cagayan State University |
| 082 ## - DEWEY DECIMAL CLASSIFICATION NUMBER |
| Classification number |
791.4372 |
| Item number |
P978 |
| 245 ## - TITLE STATEMENT |
| Title |
Pusaka / directed by Razaisyam Rashid ; written by Zulaikha Zakaria, Natasha Azlan, Luqman Ghazali ; produced by Anwari Ashraf, Alfie Palermo. |
| 260 ## - PUBLICATION, DISTRIBUTION, ETC. (IMPRINT) |
| Place of publication, distribution, etc |
Malaysia : |
| Name of publisher, distributor, etc |
Astro Shaw, |
| Date of publication, distribution, etc |
2019. |
| 300 ## - PHYSICAL DESCRIPTION |
| Extent |
1 videofile, (ca. 90 mins.) ; |
| Other physical details |
sound, color. |
| 520 ## - SUMMARY, ETC. |
| Summary, etc |
Skilled cop Inspector Nuar discovers twins, Balqis and Qistina, mysteriously locked up in an abandoned house. He suddenly starts suffering a series of unexplained hauntings, and individuals linked to the case begin dying one by one. Nuar must now race against time to solve the dark mystery behind the two girls before it’s too late. |
| 650 ## - SUBJECT ADDED ENTRY--TOPICAL TERM |
| Topical term or geographic name as entry element |
Horror. |
| 700 ## - ADDED ENTRY--PERSONAL NAME |
| Personal name |
Kyle, Syafiq star. |
| 700 ## - ADDED ENTRY--PERSONAL NAME |
| Personal name |
Lana, Mimi star. |
| 700 ## - ADDED ENTRY--PERSONAL NAME |
| Personal name |
Roshdi, Hafidz star. |
| 700 ## - ADDED ENTRY--PERSONAL NAME |
| Personal name |
Qismina, Farhanna star. |
| 700 ## - ADDED ENTRY--PERSONAL NAME |
| Personal name |
Daud, Ogy Ahmad star. |
| 700 ## - ADDED ENTRY--PERSONAL NAME |
| Personal name |
Hussein, Faizal star. |
| 700 ## - ADDED ENTRY--PERSONAL NAME |
| Personal name |
Rashid, Razaisyam editor. |
| 700 ## - ADDED ENTRY--PERSONAL NAME |
| Personal name |
Salleh, Safwan editor. |
| 700 ## - ADDED ENTRY--PERSONAL NAME |
| Personal name |
Kassim, Madnor cinematography. |
| 942 ## - ADDED ENTRY ELEMENTS (KOHA) |
| Source of classification or shelving scheme |
|
| Item type |
Audio-Visual Materials |